| Tag |
First Indicator |
Second Indicator |
Subfields |
| LEADER |
00000cam a2200000 a 4500 |
| 001 |
in00000898103 |
| 005 |
20150923161544.0 |
| 007 |
hd afa013baca |
| 007 |
hd bfa013baaa |
| 008 |
860206s1690 miu a 00000 eng d |
| 035 |
|
|
|a (OCoLC)13112345
|
| 035 |
|
|
|9 AEM1809AM
|
| 037 |
|
|
|a CL0037000055
|b University Microfilms International
|
| 037 |
|
|
|b University Microfilms International, 300 N. Zeeb Rd., Ann Arbor, MI 48106
|
| 040 |
|
|
|a EAG
|c EAG
|d m/c
|d UtOrBLW
|
| 049 |
|
|
|a TXAI
|
| 090 |
|
|
|a Z8112
|b .C37
|
| 099 |
|
|
|a film
|a B
|a 3609
|
| 245 |
0 |
2 |
|a A Catalogue of the philosophical books and tracts written by the honourable Robert Boyle, Esq :
|b together with the order or time wherein each of them hath been publish'd respectively : to which is added a catalogue of the theological books written by the same.
|
| 264 |
|
3 |
|a London :
|b Printed by Sam. Smith ...,
|c 1690.
|
| 300 |
|
|
|a 2 unnumbered pages, 14 pages
|
| 336 |
|
|
|a text
|b txt
|2 rdacontent
|
| 337 |
|
|
|a microform
|b h
|2 rdamedia
|
| 338 |
|
|
|a microfilm reel
|b hd
|2 rdacarrier
|
| 500 |
|
|
|a Reproduction of original in the British Library.
|
| 510 |
4 |
|
|a Wing
|c B3928A
|
| 533 |
|
|
|a Microfilm.
|b Ann Arbor, Mich. :
|c University Microfilms International,
|d 1984.
|e 1 microfilm reel ; 35 mm.
|f (Early English books, 1641-1700 : 1544:13)
|
| 500 |
|
|
|a Microform.
|
| 600 |
1 |
0 |
|a Boyle, Robert,
|d 1627-1691
|x Bibliography.
|
| 830 |
|
0 |
|a Early English books, 1641-1700 ;
|v 1544:13.
|
| 999 |
|
|
|a MARS
|
| 999 |
f |
f |
|s c66cf895-abb2-3a4c-959f-ae83e0662180
|i 39d641f0-401f-3e77-b4c5-2261bad648ec
|t 0
|
| 952 |
f |
f |
|p default
|a Texas A&M University
|b College Station
|c Sterling C. Evans Library
|d Evans: Microforms (3rd floor)
|t 0
|e film B 3609 1544:13
|h Other scheme
|i microform -- microfilm reel
|
| 998 |
f |
f |
|a film B 3609 1544:13
|t 0
|l Evans: Microforms (3rd floor)
|